| 000 | 00591cam a22002171 4500 | ||
|---|---|---|---|
| 001 | 7125600 | ||
| 003 | OSt | ||
| 005 | 20140719102649.0 | ||
| 008 | 750228s1997 uy 000 0 spa | ||
| 020 | _a950-741-042-2 | ||
| 040 | _cBMC | ||
| 082 | _a346.0166 | ||
| 100 | 1 |
_aLagomarsino, Carlos A. R. _913989 |
|
| 245 | 1 | 0 |
_aJuicio de alimentos _cCarlos A.R. Lagomarsino ; Jorge A. Uriarte |
| 250 | _a2º ed | ||
| 260 |
_aBuenos Aires _bHammurabi _c1997 |
||
| 300 |
_a340 p. _c23 cm |
||
| 650 | 2 | 4 |
_aObligación alimentaria _916676 |
| 700 | 1 |
_915925 _aUriarte, Jorge Alcides |
|
| 942 |
_2ddc _cBK |
||
| 999 |
_c8877 _d8877 |
||